Euro 2024: où ont joué les Bleus? - Statistiques

Statistiques générales
  • Ce quiz a été pris 648 fois
  • Le résultat moyen est 71 sur 98
Statistiques - réponses
Joueur Club % Correct
Mike Maignan AC Milan
99%
Theo Hernandez AC Milan
99%
Olivier Giroud AC Milan
99%
Paris Saint-Germain
99%
Paris Saint-Germain
99%
Paris Saint-Germain
99%
Paris Saint-Germain
99%
Warren Zaïre-Emery Paris Saint-Germain
99%
Ousmane Dembélé Paris Saint-Germain
99%
Paris Saint-Germain
99%
Kylian Mbappé Paris Saint-Germain
99%
Randal Kolo Muani Paris Saint-Germain
99%
Bradley Barcola Paris Saint-Germain
99%
Real Madrid
98%
Ferland Mendy Real Madrid
98%
Real Madrid
98%
Eduardo Camavinga Real Madrid
98%
Aurélien Tchouaméni Real Madrid
98%
Bayern Munich
97%
Dayot Upamecano Bayern Munich
97%
Kingsley Coman Bayern Munich
97%
Jules Koundé FC Barcelone
97%
Olympique de Marseille
97%
Olympique de Marseille
97%
Jonathan Clauss Olympique de Marseille
97%
Youssouf Fofana AS Monaco
95%
AS Monaco
95%
AS Monaco
95%
Brice Samba RC Lens
95%
RC Lens
95%
RC Lens
95%
Arsenal
94%
William Saliba Arsenal
94%
Arsenal
94%
Chelsea
94%
Chelsea
94%
FC Barcelone
93%
FC Barcelone
93%
Benjamin Pavard Inter Milan
93%
Marcus Thuram Inter Milan
93%
LOSC
93%
LOSC
93%
Stade Rennais
93%
Stade Rennais
93%
Olympique Lyonnais
92%
Olympique Lyonnais
92%
Adrien Rabiot Juventus
91%
Juventus Turin
91%
Atletico Madrid
90%
Atletico Madrid
90%
Antoine Griezmann Atletico Madrid
90%
Ibrahima Konaté Liverpool
87%
Borussia Dortmund
86%
Girondins de Bordeaux
84%
Girondins de Bordeaux
82%
Montpellier
81%
Alphonse Aréola West Ham
76%
Real Sociedad
74%
Real Sociedad
74%
FC Nantes
72%
FC Nantes
72%
FC Séville
71%
Eintracht Francfort
70%
AS Saint-Étienne
69%
RB Leipzig
67%
RB Leipzig
67%
Leicester City
66%
SM Caen
66%
SM Caen
66%
OGC Nice
64%
VfB Stuttgart
61%
Le Havre
56%
Le Havre
56%
Toulouse
55%
N'Golo Kanté Al-ittihad
53%
RC Strasbourg
51%
Borussia Mönchengladbach
45%
Grenoble
40%
FC Sochaux
33%
FC Sochaux
33%
EA Guingamp
32%
Tours FC
31%
RB Salzbourg
28%
Nottingham Forest
27%
Fulham
25%
US Boulogne
25%
US Boulogne
25%
Villarreal
24%
SC Bastia
23%
AS Nancy-Lorraine
17%
Deportivo Alavés
14%
FC Istres
14%
Arminia Bielefeld
8%
US Avranches
8%
QRM
4%
US Raon-l'Étape
2%
AS Pierrots Vauban de Strasbourg
1%
SV Linx
1%
Aucun quiz correspondant
Distribution des résultats
% des personnes avec chaque résultat
Percentile par nombre de réponses
Votre historique - résultats
Vous n’avez pas pris ce quiz